00333nam a22001097a 4500020001800000040000900018082001700027100001700044245005900061260004400120650005900164 a9788120321687 cNust a621.462bKRi aR. Krishnan  aElectric motor drives modeling, analysis, and control  aNew Delhi:bPrentice Hall India,c2003. aElectric motor drives modeling, analysis, and control